[Event "FRA-chT"]
[Site "France"]
[Date "1998.02.07"]
[Round "2"]
[White "Hagege, Gerard"]
[Black "Riff, Sebastien"]
[Result "0-1"]
[WhiteElo "2205"]
[BlackElo "2235"]
[PlyCount "58"]
[EventDate "1998.02.06"]
[EventType "team"]
[EventRounds "11"]
[EventCountry "FRA"]
[SourceTitle "CBM 064 Extra"]
[Source "ChessBase"]
[SourceDate "1998.07.07"]
[SourceVersion "1"]
[SourceVersionDate "1998.07.07"]
[SourceQuality "1"]

1. e4 c5 2. Nf3 d6 3. d4 cxd4 4. Nxd4 Nf6 5. Nc3 e6 6. Be3 a6 7. f3 b5 8. Qd2 Nbd7 9. g4 Nb6 10. g5 Nfd7 11. f4 Qc7 12. Bd3 Rb8 13. Nce2 Bb7 14. b3 e5 15. fxe5 dxe5 16. Nf5 Nc5 17. 0-0 Bxe4 18. Neg3 Bxd3 19. cxd3 Ne6 20. Rac1 Qd7 21. Ne4 Nd5 22. Qf2 Ndf4 23. Bxf4 Nxf4 24. Nxg7+ Bxg7 25. Qc5 Qg4+ 26. Ng3 Ne2+ 27. Kg2 Nxc1 28. Qxc1 0-0 29. h3 Qd4 0-1

[Event "Paris op"]
[Site "Paris"]
[Date "1998.??.??"]
[Round "7"]
[White "Golubovic, Boris"]
[Black "Hagege, Gerard"]
[Result "1-0"]
[WhiteElo "2440"]
[BlackElo "2195"]
[PlyCount "37"]
[EventDate "1998.07.??"]
[EventType "swiss"]
[EventRounds "9"]
[EventCountry "FRA"]
[SourceTitle "EXT 2000"]
[Source "ChessBase"]
[SourceDate "1999.11.16"]
[SourceVersion "1"]
[SourceVersionDate "1999.11.16"]
[SourceQuality "1"]

1. e4 c5 2. Nf3 d6 3. Bb5+ Bd7 4. Bxd7+ Nxd7 5. 0-0 g6 6. c3 Bg7 7. d4 cxd4 8. cxd4 e5 9. Nc3 a6 10. Bg5 f6 11. Be3 Nh6 12. dxe5 dxe5 13. Qb3 b5 14. Rad1 Rb8 15. Rd6 Nf7 16. Re6+ Kf8 17. Rxa6 Rb7 18. Nxb5 Kg8 19. Qd5 1-0

[Event "FRA-chTA 9697"]
[Site "France"]
[Date "1997.??.??"]
[Round "6"]
[White "Hagege, Gerard"]
[Black "Ristic, Alexandre"]
[Result "1-0"]
[WhiteElo "2185"]
[BlackElo "2160"]
[PlyCount "113"]
[EventDate "1997.??.??"]
[EventType "team"]
[EventRounds "7"]
[EventCountry "FRA"]
[SourceTitle "EXT 1999"]
[Source "ChessBase"]
[SourceDate "1998.11.16"]
[SourceVersion "1"]
[SourceVersionDate "1998.11.16"]
[SourceQuality "1"]

1. d4 f5 2. Nf3 Nf6 3. Bf4 d6 4. e3 g6 5. c4 Bg7 6. Nc3 0-0 7. Be2 c6 8. 0-0 Nbd7 9. Qb3 h6 10. c5+ d5 11. Ne5 Nxe5 12. Bxe5 Nd7 13. Bxg7 Kxg7 14. f4 b6 15. cxb6 axb6 16. Rac1 Rf6 17. Nb1 Ba6 18. Bxa6 Rxa6 19. Nd2 Qa8 20. a3 c5 21. Qb5 Rc6 22. dxc5 bxc5 23. Nf3 Rab6 24. Qd3 Nf6 25. Ne5 Rc7 26. Rc2 Qb7 27. h3 Rb3 28. Qe2 Ne4 29. Kh2 Qb5 30. Qd1 e6 31. Nf3 Rb7 32. Ne5 Rxe3 33. b4 Nc3 34. Qa1 d4 35. bxc5 Qxc5 36. Re1 Re4 37. Rxe4 fxe4 38. Qe1 Kh7 39. Qg3 Rg7 40. Rb2 Qd5 41. Rb8 g5 42. fxg5 hxg5 43. Ng4 Qf5 44. Re8 e3 45. Nxe3 dxe3 46. Qxe3 Ne4 47. Rd8 Rc7 48. Rd1 Kg6 49. Kg1 Rc3 50. Rd3 Rc2 51. Rd1 Ra2 52. Re1 Qc5 53. Kh2 Qxe3 54. Rxe3 Kf5 55. Rb3 e5 56. Kg1 Kf4 57. Rf3# 1-0

[Event "FRA-chTA 9697"]
[Site "France"]
[Date "1997.??.??"]
[Round "4"]
[White "Hagege, Gerard"]
[Black "Verat, Laurent"]
[Result "1/2-1/2"]
[WhiteElo "2185"]
[BlackElo "2300"]
[PlyCount "67"]
[EventDate "1997.??.??"]
[EventType "team"]
[EventRounds "7"]
[EventCountry "FRA"]
[SourceTitle "EXT 1999"]
[Source "ChessBase"]
[SourceDate "1998.11.16"]
[SourceVersion "1"]
[SourceVersionDate "1998.11.16"]
[SourceQuality "1"]

1. e4 c6 2. d4 d5 3. e5 Na6 4. Nf3 Bg4 5. Be2 Nc7 6. 0-0 g6 7. c3 Bg7 8. a4 h5 9. a5 Nh6 10. Nbd2 0-0 11. Nb3 Nf5 12. h3 Bxf3 13. Bxf3 h4 14. Nc5 b6 15. axb6 axb6 16. Rxa8 Nxa8 17. Nd3 Nc7 18. Nb4 Qd7 19. Bg4 c5 20. dxc5 bxc5 21. Nd3 c4 22. Nb4 Bxe5 23. Qf3 Bd6 24. Nc2 Rb8 25. Rd1 Bc5 26. Qf4 Bd6 27. Qg5 Ra8 28. Nd4 e6 29. Bxf5 exf5 30. Qxh4 Ra1 31. Re1 Ne6 32. Nxe6 Qxe6 33. Qd8+ Kh7 34. Qh4+ 1/2-1/2

[Event "FRA-chT"]
[Site "France"]
[Date "1996.??.??"]
[Round "?"]
[White "Gouret, Thierry"]
[Black "Hagege, Gerard"]
[Result "1/2-1/2"]
[WhiteElo "2275"]
[BlackElo "2175"]
[PlyCount "78"]
[EventDate "1996.??.??"]
[EventType "team"]
[EventRounds "11"]
[EventCountry "FRA"]
[SourceTitle "CBM 055 Extra"]
[Source "ChessBase"]
[SourceDate "1997.01.01"]
[SourceVersion "1"]
[SourceVersionDate "1997.01.01"]
[SourceQuality "1"]

1. Nf3 Nf6 2. c4 c6 3. e3 d5 4. b3 g6 5. d4 Bg7 6. Bd3 0-0 7. 0-0 a5 8. Nc3 Na6 9. Bb2 Nb4 10. Bb1 dxc4 11. bxc4 Be6 12. a3 Na6 13. Bd3 h6 14. Qe2 Nd7 15. h3 Nb6 16. Rad1 Nc7 17. e4 Bc8 18. Qe3 Nd7 19. e5 Ne6 20. d5 cxd5 21. cxd5 Ng5 22. Nxg5 hxg5 23. Na4 b5 24. Bxb5 Rb8 25. Bc6 Qc7 26. Rfe1 Rxb2 27. Nxb2 Nxe5 28. Bb5 g4 29. Nd3 Nxd3 30. Rxd3 Bf6 31. hxg4 Bxg4 32. Qg3 Qc8 33. d6 exd6 34. Rxd6 Bg7 35. Rc6 Qf5 36. Be2 Re8 37. f3 Bd4+ 38. Kh1 Kg7 39. Qh4 Rh8 1/2-1/2

[Event "FRA-chT"]
[Site "France"]
[Date "1996.??.??"]
[Round "?"]
[White "Hagege, Gerard"]
[Black "Marzolo, Cyril"]
[Result "0-1"]
[WhiteElo "2175"]
[BlackElo "2200"]
[PlyCount "118"]
[EventDate "1996.??.??"]
[EventType "team"]
[EventRounds "11"]
[EventCountry "FRA"]
[SourceTitle "CBM 055 Extra"]
[Source "ChessBase"]
[SourceDate "1997.01.01"]
[SourceVersion "1"]
[SourceVersionDate "1997.01.01"]
[SourceQuality "1"]

1. d4 d5 2. Nf3 c6 3. e3 Bf5 4. Bd3 Bxd3 5. Qxd3 Nd7 6. 0-0 Ngf6 7. Nbd2 e6 8. c4 Bd6 9. e4 dxe4 10. Nxe4 Nxe4 11. Qxe4 0-0 12. b3 Qa5 13. Bd2 Qh5 14. Bf4 Qg4 15. g3 Nf6 16. Qe3 Bxf4 17. Qxf4 Qxf4 18. gxf4 Nh5 19. Rfe1 Nxf4 20. Re4 Ng6 21. h4 Rfd8 22. Kh2 Rd6 23. c5 Rd5 24. Rc1 Kf8 25. Rc4 Rad8 26. b4 Ne7 27. a4 a6 28. Kg2 Ke8 29. Kf1 Rf5 30. Kg2 Nd5 31. Kg3 Nf6 32. Re3 Nd5 33. Rb3 Nc7 34. Nd2 Rfd5 35. Rd3 f5 36. Nf3 e5 37. Rd1 e4 38. Ne1 Ne6 39. Nc2 Kf7 40. Kh2 Kf6 41. Kg1 h6 42. Kf1 g5 43. hxg5+ hxg5 44. Ke2 f4 45. b5 axb5 46. axb5 cxb5 47. Rb4 Ra8 48. Rb2 Ra4 49. Kf1 Rc4 50. Re1 Nxd4 51. Na3 Ra4 52. Nxb5 Nxb5 53. Rxb5 Rc4 54. Rb6+ Kf5 55. Rxb7 Rdxc5 56. Re7 Re5 57. Rf7+ Kg4 58. Kg2 Rc2 59. Rg1 e3 0-1

[Event "FRA-ch op FIDE"]
[Site "Paris"]
[Date "1994.??.??"]
[Round "6"]
[White "Hagege, Gerard"]
[Black "Lohou, Stephane"]
[Result "1-0"]
[WhiteElo "2050"]
[BlackElo "2070"]
[PlyCount "71"]
[EventDate "1994.??.??"]
[EventType "swiss"]
[EventRounds "9"]
[EventCountry "FRA"]
[SourceTitle "EXT 1998"]
[Source "ChessBase"]
[SourceDate "1997.11.17"]
[SourceVersion "1"]
[SourceVersionDate "1997.11.17"]
[SourceQuality "1"]

1. d4 Nf6 2. Nf3 g6 3. Bf4 Bg7 4. e3 0-0 5. Be2 b6 6. 0-0 Bb7 7. Nbd2 d6 8. h3 c5 9. c3 Nc6 10. Qb3 Na5 11. Qa4 Nd5 12. Bh2 cxd4 13. cxd4 a6 14. Rfc1 b5 15. Qd1 Nc6 16. a4 Qb6 17. axb5 axb5 18. Qb3 b4 19. Nc4 Qd8 20. Nfd2 Na5 21. Nxa5 Rxa5 22. Ne4 Ra8 23. Bf3 Rxa1 24. Rxa1 Ba8 25. Nxd6 e6 26. Bg3 h5 27. e4 h4 28. Bh2 Ne7 29. d5 exd5 30. exd5 Qb6 31. Rd1 Rd8 32. Nxf7 Kxf7 33. d6+ Ke8 34. Bxa8 Rxa8 35. d7+ Kd8 36. Qf7 1-0